Sklady a skladní hospodářství /

Uložené v:
Podrobná bibliografia
Hlavný autor: Sedláček, Vlastimil (Author)
Médium: Kniha
Jazyk:Czech
Vydané: Praha : Státní nakladatelství technické literatury, 1957.
Vydanie:2. opr. a rozš. vyd.
Edícia:Řada strojírenské literatury
ISBN: (viaz.)
Fyzický popis: 271 s. : il.
Tagy: Pridať tag
Žiadne tagy, Buďte prvý kto otaguje tento záznam!

MARC

LEADER 00000nam a2200000 a 4500
001 000155310
005 20100110101301.0
008 000000s1957 xr cze d
020 |a (viaz.) 
040 |a SVKKK  |b slo  |c SVKKK  |e AACR2 
041 0 |a cze 
044 |a xr  |c CZ 
100 1 |a Sedláček, Vlastimil  |4 aut 
245 1 0 |a Sklady a skladní hospodářství /  |c Vlastimil Sedláček. 
250 |a 2. opr. a rozš. vyd. 
260 |a Praha :  |b Státní nakladatelství technické literatury,  |c 1957. 
300 |a 271 s. :  |b il. 
490 0 |a Řada strojírenské literatury 
500 |a Obsahuje bibliografiu 
910 |a svkkk 
998 |a BK 
090 |g SCKHL  |k Sklad Pribinova 2. posch.  |a III.36109  |j 139527  |i 2720210882  |4 Duplikát  |s Vyradená 
090 |g SCKHL  |k Sklad Pribinova 2. posch.  |a III.41609  |j 142635  |i 2720121945  |s Prezenčne